Trombinoscope Clubs de football - Statistiques

Statistiques générales
  • Ce quiz a été pris 2 836 fois
  • Le résultat moyen est 72 sur 100
Statistiques - réponses
Hint Réponse % Correct
Olympique de Marseille
85%
Olympique Lyonnais
85%
AS Saint-Étienne
85%
FC Barcelone
84%
Paris Saint-Germain
84%
AS Monaco
83%
Arsenal FC
83%
FC Nantes
83%
Bayern Munich
83%
Juventus FC
83%
Borussia Dortmund
82%
Manchester United
82%
Inter Milan
82%
LOSC Lille
82%
Atlético de Madrid
82%
AC Milan
82%
RC Lens
82%
AS Roma
82%
Stade rennais FC
82%
Real Madrid
82%
Liverpool FC
81%
Chelsea FC
81%
Stade brestois
80%
Manchester City
80%
West Ham United
79%
FC Metz
79%
OGC Nice
79%
Naples
78%
FC Girondins de Bordeaux
78%
Ajax Amsterdam
78%
Tottenham Hotspur
78%
Sporting CP
77%
FC Porto
77%
AJ Auxerre
77%
Newcastle United
76%
Étoile rouge de Belgrade
76%
Schalke 04
76%
Wolverhampton Wanderers
75%
Séville FC
75%
BSC Young Boys
75%
SS Lazio
75%
Real Sociedad
75%
SL Benfica
74%
PSV Eindhoven
74%
VfL Wolfsburg
74%
Real Betis
74%
Bayer Leverkusen
74%
Leicester City
73%
Galatasaray SK
73%
ACF Fiorentina
73%
Aston Villa
73%
Atalanta Bergame
73%
Celta Vigo
72%
Feyenoord Rotterdam
72%
Everton FC
72%
Villarreal CF
72%
Valence CF
72%
Crystal Palace
72%
Dynamo Kiev
71%
Besiktas JK
71%
Olympiakós
71%
1. FC Cologne
70%
Borussia Mönchengladbach
70%
Zénith Saint-Pétersbourg
70%
Chakhtar Donetsk
69%
Eintracht Francfort
69%
Celtic FC
69%
Club Brugge
68%
Royale Union Saint-Gilloise
67%
New York City FC
67%
Los Angeles Galaxy
67%
CSKA Moscou
67%
AZ Alkmaar
66%
Dinamo Zagreb
66%
AFC Bournemouth
66%
Rangers FC
65%
Maccabi Tel-Aviv
65%
Panathinaïkós
64%
RSC Anderlecht
64%
Fenerbahçe SK
64%
1. FSV Mayence 05
64%
RB Salzbourg
63%
RB Leipzig
62%
SC Braga
62%
Hertha BSC
62%
Sparta Prague
61%
1. FC Union Berlin
61%
Udinese Calcio
61%
Standard de Liège
59%
PAOK Salonique
59%
AEK Athènes
57%
KRC Genk
57%
APOEL Nicosie
56%
CF Montréal
56%
FK Krasnodar
55%
Lokomotiv Moscou
55%
FC Lugano
53%
Sporting de Charleroi
52%
La Gantoise
50%
Rapid Vienne
46%
Aucun quiz correspondant
Distribution des résultats
% des personnes avec chaque résultat
Percentile par nombre de réponses
Votre historique - résultats
Vous n’avez pas pris ce quiz